Catálogo
 En Linea

Caracas, la vida musical y sus sonidos (1830-1888) / (Registro nro. 16028)

Detalles MARC
000 -CABECERA
campo de control de longitud fija 00509nam a2200157 u 4500
001 - NÚMERO DE CONTROL
campo de control 000016493
005 - FECHA Y HORA DE LA ÚLTIMA TRANSACCIÓN
campo de control 20200929164924.0
008 - DATOS DE LONGITUD FIJA--INFORMACIÓN GENERAL
campo de control de longitud fija 100813s1999 ve 000 0 spa d
020 ## - NÚMERO INTERNACIONAL ESTÁNDAR DEL LIBRO
ISBN cancelado o inválido 980845102223
040 ## - FUENTE DE LA CATALOGACIÓN
Centro catalogador/agencia de origen DO-SdBNP
Lengua de catalogación spa
Centro/agencia transcriptor BNPHU
082 ## - NÚMERO DE LA CLASIFICACIÓN DECIMAL DEWEY
Número de clasificación xxxxx
Número de documento/Ítem xxxxx
100 1# - ENTRADA PRINCIPAL--NOMBRE DE PERSONA
Nombre de persona Rodríguez Legendre, Fidel Luis
9 (RLIN) 36720
245 10 - MENCIÓN DE TÍTULO
Título Caracas, la vida musical y sus sonidos (1830-1888) /
Mención de responsabilidad, etc. Fidel Luis Rodríguez Legendre.
260 ## - PUBLICACIÓN, DISTRIBUCIÓN, ETC.
Lugar de publicación, distribución, etc. Caracas, :
Nombre del editor, distribuidor, etc. Fondo editorial 60 años,
Fecha de publicación, distribución, etc. 1999.
300 ## - DESCRIPCIÓN FÍSICA
Extensión ix, 239 p. ;
Dimensiones 22 cm.
Existencias
Estado de retiro Estado de pérdida Restricciones de uso No para préstamo Código de colección Localización permanente Ubicación/localización actual Ubicación en estantería Fecha de adquisición Número de inventario Total de préstamos Signatura topográfica completa Código de barras Fecha visto por última vez Precio válido a partir de Tipo de ítem Koha
      Excluido de préstamo Monografías: Libros y Folletos General General Depósito 05.03.2010 LF1   xxxxx xxxxx 16493-10 25.06.2020 25.06.2020 No se presta

Con tecnología Koha